01437nam a22003255a 4500999001500000003000900015005001700024008004100041020003000082020001800112040004300130082002000173100003700193245013900230250002000369264005600389300004400445336002600489337002800515338002700543500002000570520009500590590001700685650003800702653002500740655001700765942002300782952016100805952014500966 c5524d5524EG-ScBUE20191214144149.0150827r20031999enka f 001 0 eng d a0521498686 (with answers) a9780521498685 aEG-ScBUEbengerdacEG-ScBUEdEG-ScBUE04a428.24bHEW2221 aHewings, Martin,eauthor.92842610aAdvanced grammar in use :ba self-study reference and practice book for advanced learners of English : with answers /cMartin Hewings. aTenth printing. 1aCambridge, UK :bCambridge University Press,c2003. aix, 340 pages :billustrations ;c27 cm 2rdacontentatextbtxt 2rdamediaaunmediatedbn 2rdacarrieravolumebnc aIncludes index. aAdvanced Grammar in Use contains 120 units of advanced grammar explanation and practice.  aamira yasser 7aEnglish languagexGrammar.2BUEsh cAugust2015bHHUUEENN vReading book cBBk428.24HEW2ddc 00102ddc40708BaccahaMAINbMAINc2NDd2007-10-30ePurchaseg86.40l4m93o428.24 HEWp000006703r2025-07-15 00:00:00s2014-09-09v108.00w2007-10-30yBB 00102ddc40708BaccahaMAINbMAINc2NDd2007-10-30ePurchaseg86.40l0o428.24 HEWp000008277r2025-07-15 00:00:00v108.00w2007-12-04yNB